000 00519nam a2200157Ia 4500
008 151213s9999 xx 000 0 und d
100 _aDr. Khosh Mohammad , P.K.Bhattacharjee & Md. Abdul Latif
245 _aA Text Book on Deferential Calculus
_cDr. Khosh Mohammad , P.K.Bhattacharjee & Md. Abdul Latif
250 _a2nd
260 _aDhaka
_bGonith Prokashon
_c2008
300 _a8287 p.
650 _aE E E
650 _ascience
700 _aDr. Khosh Mohammad , P.K.Bhattacharjee & Md. Abdul Latif
999 _c4144
_d4144